000 00540nam a2200217Ia 4500
003 0100
008 130307s9999 xx 000 0 und d
020 _a0949968455
040 _cARRUPELIB
050 _aBX9999.S68W47 1975
100 _aWest, Martin
245 _aBishops and prophets in a black city
245 _bAfrican independent churches in Soweto Johannesburg
260 _aLondon
260 _bRex Collings
260 _c1975
300 _a225p.
300 _b23cm.
650 _bCheckhov Anton Pavlovich
942 0 0 _01
999 _c99253
_d99253